[Event "Preinscritos IRT Online"]
[Site "Chess.com INT"]
[Date "2020.12.26"]
[Round "11"]
[White "Olivo Granja, Daniela Alejandra"]
[Black "Krishan Rani, Tanish Aditya"]
[Result "0-1"]
[WhiteElo "780"]
[BlackElo "1159"]
[PlyCount "62"]
[EventDate "2020.12.26"]
[EventType "swiss"]
[EventRounds "11"]
[EventCountry "ECU"]
[SourceTitle "CBM 200 Extra"]
[Source "ChessBase"]
[SourceDate "2021.03.31"]
[SourceVersion "1"]
[SourceVersionDate "2021.03.31"]
[SourceQuality "1"]

1. e4 e5 2. Nf3 Nc6 3. Nc3 Nf6 4. Bc4 Nxe4 5. Nxe4 d5 6. Bxd5 Qxd5 7. Nc3 Qd6 8. 0-0 Bg4 9. Qe1 f5 10. d4 Bxf3 11. gxf3 Be7 12. dxe5 Nxe5 13. f4 Nf3+ 14. Kh1 Nxe1 15. Rxe1 Qh6 16. Nd5 0-0-0 17. Rxe7 Rxd5 18. b3 Rd1+ 19. Kg2 Qg6+ 20. Kf3 Qh5+ 21. Ke3 Re1+ 22. Kd2 Qd1+ 23. Kc3 Rxe7 24. Bb2 Qf3+ 25. Kb4 Re4+ 26. Ka3 b5 27. Bxg7 b4+ 28. Kb2 Rg8 29. Bf6 Re7 30. Bxe7 Qc3+ 31. Kb1 Rg1# 0-1

[Event "Preinscritos IRT Online"]
[Site "Chess.com INT"]
[Date "2020.12.26"]
[Round "7"]
[White "Olivo Granja, Daniela Alejandra"]
[Black "Ocampo Pacheco, Brangel Bolivar"]
[Result "0-1"]
[WhiteElo "780"]
[BlackElo "1583"]
[PlyCount "100"]
[EventDate "2020.12.26"]
[EventType "swiss"]
[EventRounds "11"]
[EventCountry "ECU"]
[SourceTitle "CBM 200 Extra"]
[Source "ChessBase"]
[SourceDate "2021.03.31"]
[SourceVersion "1"]
[SourceVersionDate "2021.03.31"]
[SourceQuality "1"]

1. e4 e5 2. Nf3 Nc6 3. Nc3 Bc5 4. Bc4 Nf6 5. a4 0-0 6. d3 d6 7. Bg5 Bg4 8. Nd5 Nd4 9. 0-0 Bxf3 10. Qd2 Bh5 11. Bxf6 gxf6 12. Qh6 Bg6 13. Nxf6+ Qxf6 14. Rae1 Nxc2 15. Re2 Nd4 16. Ree1 Qg7 17. Qxg7+ Kxg7 18. b3 Bb4 19. f3 Bxe1 20. Rxe1 f5 21. exf5 Bxf5 22. Bd5 c6 23. Be4 Bxe4 24. Rxe4 Nxf3+ 25. Kf2 Nxh2+ 26. Ke3 Nf1+ 27. Ke2 Ng3+ 28. Ke3 Nxe4 29. Kxe4 Rf4+ 30. Ke3 Raf8 31. d4 Rf2 32. dxe5 dxe5 33. Ke4 Re2+ 34. Kd3 Rxg2 35. b4 Rf3+ 36. Ke4 Rf4+ 37. Kxe5 Rxb4 38. Kd6 Rxa4 39. Kc7 c5 40. Kxb7 Rb2+ 41. Kc6 c4 42. Kc5 c3 43. Kd5 c2 44. Ke6 c1Q 45. Kf5 Qf1+ 46. Ke5 Re2+ 47. Kd5 Qd1+ 48. Kc5 Rc2+ 49. Kb5 Qb1+ 50. Kxa4 Ra2# 0-1